Türk dilinin anadoludaki üç temel direği "üç Karamanlı" (Record no. 2740)

MARC details
000 -BAŞLIK
Sabit Uzunlukta Kontrol Alanı 00757na a2200241 4500
001 - KONTROL NUMARASI
Denetim Alanı 15002
003 - KONTROL NUMARASI IDENTIFIER
Denetim Alanı MIRAKIL
005 - SON İŞLEM TARİHİ VE ZAMANI
Denetim Alanı 20181213154908.0
008 - SABİT-BOY VERİ ELEMANLARI - GENEL BİLGİLER
Sabit Uzunlukta Kontrol Alanı 160902b tu 000 0
035 ## - SİSTEM KONTROL NUMARASI
Sistem Kontrol Numarası 15002
040 ## - KATALOGLAMA KAYNAK
Orijinal Kataloglama Ajansı Milas
Kataloglama Dili tur
Metne Dönüştürmek Ajansı TR-AnCHP
082 ## - DEWEY ONLU SINIFLANDIRMA NUMARASI
Sınıflandırma Numarası ATA 410.92
Ürün Numarası A65t 1999
090 ## - SINIFLAMA NUMARASI
Sınıflama Numarası ATA 410.92 A65t 1999
100 ## - ANA GİRİŞ - KİŞİSEL İSİM
Kişisel Ad Armutlu, Mehmet
245 ## - BAŞLIK TABLOSU
Başlık Türk dilinin anadoludaki üç temel direği "üç Karamanlı"
Başlığın Kalan Mustafa Kemal Atatürk
Sorumluluk Tablosu, Vb Mehmet Armutlu
246 ## - UNVAN FORM VARYING
Başlık Doğru / Kısa Başlığı Mustafa Kemal Atatürk
260 ## - YAYIN, DAĞITIM, VB
Yayın, Dağıtım, Vb Yeri Konya
Yayıncı, Dağıtıcı, Vs Adı [yayl. y.]
Yayın, Dağıtım, Vb Tarihi 1999
300 ## - FİZİKSEL TANIM
Kapsam 206 s.
Boyutlar 19 sm.
650 ## - KONU KATMA GİRİŞ - TOPİKAL DÖNEM
Topikal Süreli Veya Coğrafi Ad Giriş Elemanı Türk halkları
Genel Alt Bölümü Dil ve diller
Kronolojik Alt Bölümü Tarih
650 ## - KONU KATMA GİRİŞ - TOPİKAL DÖNEM
Topikal Süreli Veya Coğrafi Ad Giriş Elemanı Türk dili
Genel Alt Bölümü Tarih
Kronolojik Alt Bölümü Türk halkları
650 ## - KONU KATMA GİRİŞ - TOPİKAL DÖNEM
Topikal Süreli Veya Coğrafi Ad Giriş Elemanı Türk dili
Genel Alt Bölümü Tarih
Kronolojik Alt Bölümü Atatürk, Mustafa Kemal
942 ## - EKLENDİ GİRİŞ ELEMANLARI (KOHA)
Sınıflandırma Veya Raf Düzeni Kaynak Dewey Decimal Classification
Koha Öğesi Türü Books
999 ## - SİSTEM KONTROL NUMARALARI (KOHA)
Koha Biblionumber 2740
Koha Biblioitemnumber 2740
Holdings
Kalıcı Konum Mevcut Konum Edinme Tarihi Edinim Kaynak Toplam Check-Out'Lar Tam Çağrı Numarası Barkod Tarih Son Görülme İtibaren Geçerli Fiyatlar Koha Öğesi Türü
CHP Kütüphanesi CHP Kütüphanesi 09/02/2016 Bağış   ATA 410.92 A65t 1999 004044 09/02/2016 09/02/2016 Books